Manual de inteligencia criminal (Registro nro. 5075)

Detalles MARC
000 -Cabecera
Campo de control de longitud fija 00761aam a2200289 4500
005 - Fecha y hora de la última transacción
Campo de control 20251208162254.0
008 - Elementos de longitud fija--Información general
Campo de control de longitud fija 150428b2005 xxu||||| |||| 00| 0 spa d
020 ## - International Standard Book Number
Número Internacional Estándar del Libro (ISBN) 9871127227
041 ## - Idioma
Código de idioma Español
082 ## - Clasificación Decimal Dewey
Número de clasificación 363.28 C136m
100 ## - Entrada principal--Autor personal
Nombre personal Cairo, Juan Carlos
9 (RLIN) 34850
100 ## - Entrada principal--Autor personal
Nombre personal Saniez, Luis León
9 (RLIN) 5720
245 ## - Título propiamente dicho
Título Manual de inteligencia criminal
260 ## - Pie de imprenta
Lugar de publicación, distribución, etc. Argentina
260 ## - Pie de imprenta
Lugar de publicación, distribución, etc. Sur
260 ## - Pie de imprenta
Fecha de publicación, distribución, etc. 2005
300 ## - Descripción física
Extensión 126 páginas
490 ## - Serie
Título de la Serie Investigación Criminal
650 ## - Materia general
Temática (materia general) INVESTIGACIÓN CRIMINAL
650 ## - Materia general
Temática (materia general) INTELIGENCIA POLICIAL
650 ## - Materia general
Temática (materia general) INTELIGENCIA CRIMINAL
650 ## - Materia general
Temática (materia general) AGENTE INFORMÁTICO
650 ## - Materia general
Temática (materia general) FUENTES DOCUMENTALES
650 ## - Materia general
Temática (materia general) PERFIL CRIMINAL
650 ## - Materia general
Temática (materia general) MEDIOS ELECTRÓNICOS
942 ## - Punto de acceso adicional KOHA
Tipo de ítem KOHA Libro
Fuente del sistema de clasificación o colocación Dewey Decimal Classification
Existencias
Signatura completa Código de barras Programa Académico Tipo de ítem
363.28 C136m 13874 Investigación Criminal Libro
363.28 C136m 17766 Investigación Criminal Libro
363.28 C136m 17767 Investigación Criminal Libro
363.28 C136m 25029 Investigación Criminal Libro